[Event "X Abierto Constitucion "]
[Site "San Sebastian de los Reyes "]
[Date "2008.12.06"]
[Round "7.14"]
[White "Piriz Fernandez, Daniel"]
[Black "Rodrigo Yanguas, Maria"]
[Result "1-0"]
[WhiteElo "1770"]
[BlackElo "2037"]
[PlyCount "125"]
[EventDate "2008.11.30"]

1. d4 d5 2. c4 c6 3. Nf3 Nf6 4. Nc3 a6 5. Bf4 dxc4 6. a4 Nd5 7. Bd2 Nxc3 8.
bxc3 b5 9. e4 Bb7 10. Ng5 h6 11. Nf3 e6 12. Ne5 Nd7 13. Bf4 Nf6 14. f3 Be7 15.
Qb1 Nh5 16. Bg3 Bh4 17. Kf2 Qg5 18. Bxh4 Qxh4+ 19. Kg1 Rb8 20. Qb4 Qe7 21. Re1
Qd8 22. axb5 cxb5 23. Be2 Nf6 24. Rb1 Qc7 25. h4 Nh5 26. Bxc4 bxc4 27. Nxc4 Rd8
28. e5 Bc8 29. Nd6+ Rxd6 30. exd6 Qd7 31. Qc5 Nf6 32. Rb8 O-O 33. Rh3 Rd8 34.
c4 Ne8 35. f4 Nxd6 36. Rhb3 Nf5 37. d5 exd5 38. cxd5 Qe8 39. Qc7 Qe1+ 40. Kh2
Qe7 41. Rxc8 Qxc7 42. Rxc7 Rxd5 43. Rb8+ Kh7 44. Rxf7 Nxh4 45. Rbb7 Nf5 46. g4
Rd2+ 47. Kg1 Nh4 48. Rxg7+ Kh8 49. Rh7+ Kg8 50. Rbg7+ Kf8 51. Rd7 Rg2+ 52. Kf1
Kg8 53. g5 Rg4 54. Rdg7+ Kf8 55. Rf7+ Kg8 56. gxh6 Nf3 57. Rhg7+ Rxg7 58. Rxg7+
Kh8 59. f5 Nd4 60. f6 Ne6 61. f7 a5 62. Rg8+ Kh7 63. f8=Q 1-0

[Event "X Abierto Constitucion "]
[Site "San Sebastian de los Reyes "]
[Date "2008.12.06"]
[Round "7.15"]
[White "Gomez Fernandez, Jesus"]
[Black "Muñoz Sanchez, Daniel"]
[Result "0-1"]
[WhiteElo "1820"]
[BlackElo "2013"]
[PlyCount "110"]
[EventDate "2008.11.30"]

1. d4 Nf6 2. c4 c5 3. e3 e6 4. Nf3 d5 5. cxd5 exd5 6. Nc3 c4 7. g3 Nc6 8. a3
Bf5 9. Bg2 Be7 10. O-O O-O 11. Bd2 Re8 12. Ne5 Nxe5 13. dxe5 Ne4 14. Nxe4 Bxe4
15. Bc3 b5 16. Qg4 Bxg2 17. Kxg2 Qb6 18. Rad1 Qe6 19. Qh5 g6 20. Qh6 Bf8 21.
Qh4 a5 22. f4 Be7 23. Qh6 f5 24. g4 b4 25. axb4 axb4 26. Bd4 Ra2 27. Kh1 Rc8
28. Rf3 Bf8 29. gxf5 Qxf5 30. Qh4 c3 31. Rh3 h5 32. Rg3 Qe4+ 33. Kg1 Kh7 34.
bxc3 b3 35. Qf6 Qc2 36. Qf7+ Bg7 37. Qxg6+ Qxg6 38. Rxg6 Kxg6 39. Rb1 b2 40.
Kg2 Rb8 41. c4 dxc4 42. Kf3 Ra1 43. Rxb2 Rxb2 44. Bxb2 Ra2 45. Bd4 Rxh2 46. Ke4
Ra2 47. f5+ Kg5 48. f6 Bf8 49. Kd5 h4 50. e6 h3 51. e7 Ra8 52. Be5 c3 53.
exf8=Q Rxf8 54. Ke6 c2 55. Bf4+ Kg6 0-1

[Event "X Abierto Constitucion "]
[Site "San Sebastian de los Reyes "]
[Date "2008.12.06"]
[Round "7.16"]
[White "Perez Gonzalez, Jesus Miguel"]
[Black "Heras Cuenca, Miguel Angel"]
[Result "0-1"]
[WhiteElo "1819"]
[BlackElo "2008"]
[PlyCount "70"]
[EventDate "2008.11.30"]

1. e4 e5 2. Nf3 Nf6 3. Nxe5 d6 4. Nf3 Nxe4 5. d4 d5 6. Bd3 Be7 7. O-O Nc6 8.
Re1 Bg4 9. Bxe4 dxe4 10. Rxe4 Bxf3 11. gxf3 f5 12. Re1 Qxd4 13. Qe2 O-O 14. Nc3
Qh4 15. f4 Bd6 16. Be3 Rf6 17. f3 Raf8 18. Nb5 Kh8 19. Nxd6 cxd6 20. Rad1 a6
21. Qd2 Qh3 22. Qf2 Nd8 23. Kh1 Nf7 24. Rg1 Rg6 25. Bd4 Qh6 26. Qd2 Qh5 27. Qc3
Kg8 28. Bxg7 Re8 29. Bf6 Kf8 30. Bg7+ Kg8 31. Bd4 Kf8 32. Bh8 Re2 33. Bg7+ Ke8
34. Qc8+ Nd8 35. Rg2 Rgxg2 0-1

[Event "X Abierto Constitucion "]
[Site "San Sebastian de los Reyes "]
[Date "2008.12.06"]
[Round "7.17"]
[White "Alonso Garuti, Luis E"]
[Black "Nieto Esteban, Manuel"]
[Result "1/2-1/2"]
[WhiteElo "1986"]
[BlackElo "1811"]
[PlyCount "59"]
[EventDate "2008.11.30"]

1. e4 d5 2. exd5 Qxd5 3. d4 Nf6 4. Nf3 Bg4 5. Be2 e6 6. O-O Bd6 7. c4 Qf5 8. h3
Bxf3 9. Bxf3 c6 10. Qb3 b6 11. d5 exd5 12. Re1+ Kd8 13. cxd5 c5 14. Nc3 Re8 15.
Bd2 Na6 16. Nb5 Qd7 17. Qc4 Be5 18. Bc3 Bxc3 19. Nxc3 Nb4 20. d6 Rb8 21. Nb5
Nc6 22. Bxc6 Qxc6 23. Qxf7 Rb7 24. Nc7 Rxe1+ 25. Rxe1 Qxd6 26. Ne6+ Kc8 27.
Qf8+ Qxf8 28. Nxf8 Rf7 29. Ne6 Re7 30. Kf1 1/2-1/2

[Event "X Abierto Constitucion "]
[Site "San Sebastian de los Reyes "]
[Date "2008.12.06"]
[Round "7.18"]
[White "Farmer Negrini, Leo"]
[Black "Camarero Izquierdo, Juan Carlos"]
[Result "0-1"]
[WhiteElo "1794"]
[BlackElo "1939"]
[PlyCount "102"]
[EventDate "2008.11.30"]

1. b3 e5 2. Bb2 Nc6 3. Nf3 d6 4. d4 e4 5. d5 Nb4 6. Qd2 exf3 7. Qxb4 fxg2 8.
Bxg2 Nf6 9. Nd2 g6 10. O-O-O Bg7 11. Ne4 O-O 12. Ng3 a5 13. Qc4 a4 14. b4 a3
15. Bc3 b5 16. Qd3 Ng4 17. Bxg7 Kxg7 18. h4 Qf6 19. Ne4 Qb2+ 20. Kd2 Bf5 21.
Rb1 Bxe4 22. Qxe4 Nf6 23. Qf4 Qxa2 24. Rb3 Rfe8 25. Bf3 Re5 26. Qd4 Rae8 27.
Ra1 Rxe2+ 28. Bxe2 Rxe2+ 29. Kxe2 Qxc2+ 30. Kf3 Qxb3+ 31. Kg2 Qxd5+ 32. Qxd5
Nxd5 33. Rxa3 Nxb4 34. Rb3 c5 35. Kf3 Kf6 36. Ke2 Ke5 37. Re3+ Kd4 38. Re7 c4
39. Kd2 c3+ 40. Kc1 Kc4 41. Rxf7 Kb3 42. Rf3 d5 43. h5 gxh5 44. Rg3 d4 45. f4
d3 46. Rg2 d2+ 47. Kd1 Nd3 48. Rxd2 cxd2 49. f5 Kc3 50. f6 Nb2+ 51. Ke2 d1=Q+
0-1

[Event "X Abierto Constitucion "]
[Site "San Sebastian de los Reyes "]
[Date "2008.12.06"]
[Round "7.19"]
[White "Cavalle Pulla, Daniel"]
[Black "Gueler Berdasco, Martin"]
[Result "1/2-1/2"]
[WhiteElo "1765"]
[BlackElo "1891"]
[PlyCount "132"]
[EventDate "2008.11.30"]

1. e4 c5 2. Nf3 Nc6 3. Bb5 g6 4. Bxc6 dxc6 5. O-O Nf6 6. d3 Bg7 7. Nc3 Nd7 8.
Bd2 O-O 9. Qc1 e5 10. Nd1 Re8 11. Ne3 Nf8 12. Nc4 Bg4 13. Qd1 Qf6 14. Bg5 Qxg5
15. Nxg5 Bxd1 16. Raxd1 h6 17. Nf3 Rad8 18. Nfd2 Ne6 19. Na5 Re7 20. Ndc4 Rc7
21. Nb3 b5 22. Ne3 Bf8 23. Ng4 Bg7 24. Ne3 {(=)} Ra8 25. g3 a5 26. Nd2 Rd7 27.
c3 Rxd3 28. Nf3 Rad8 29. Rc1 a4 30. a3 c4 31. Rfd1 f5 32. Rxd3 Rxd3 33. exf5
gxf5 34. Ne1 Rd2 35. Nxf5 Kf7 36. Nc2 Nc5 37. Kf1 Nd3 38. Nd6+ Ke6 39. Ne4
Rxf2+ 40. Nxf2 Nxc1 41. Nb4 c5 42. Na6 Kd5 43. Nc7+ Kc6 44. Ne6 Bf6 45. Ng4 Kd6
46. Nxc5 Kxc5 47. Nxf6 Nd3 48. h4 Kd6 49. h5 Ke6 50. Ng4 Kf5 51. Nxh6+ Kg5 52.
Nf7+ Kxh5 53. Nd6 Kg4 54. Kg2 Nxb2 55. Nxb5 Nd1 56. Kf1 {(=)} Kxg3 57. Ke2 Nb2
58. Ke3 Kg2 59. Ke4 Kf2 60. Kxe5 Ke3 61. Kd5 Kd3 62. Kc5 Nd1 63. Kb4 Nb2 64.
Nd6 Nd1 65. Nb5 Nb2 {(=)} 66. Nd6 Nd1 1/2-1/2

[Event "X Abierto Constitucion "]
[Site "San Sebastian de los Reyes "]
[Date "2008.12.06"]
[Round "7.20"]
[White "Rial Rodriguez, Javier"]
[Black "Cerrato Torrijos, Maria"]
[Result "1-0"]
[WhiteElo "1716"]
[BlackElo "1880"]
[PlyCount "61"]
[EventDate "2008.11.30"]

1. e4 c5 2. c3 Nf6 3. e5 Nd5 4. Nf3 d6 5. d4 cxd4 6. Qxd4 e6 7. Bg5 Qb6 8. Qxb6
Nxb6 9. exd6 Bxd6 10. Nbd2 Bd7 11. Ne4 Bc7 12. Bd3 Bc6 13. O-O f6 14. Bd2 e5
15. Nc5 Bd6 16. Ne4 Be7 17. Nh4 g6 18. Bh6 Kf7 19. f4 Rd8 20. fxe5 Rxd3 21.
exf6 Bxe4 22. fxe7+ Bf5 23. g4 Rh3 24. gxf5 g5 25. Bxg5 h6 26. e8=Q+ Kxe8 27.
Rae1+ Kd7 28. Rd1+ Kc6 29. Be7 Nd5 30. Ng6 Nd7 31. Rxd5 1-0

[Event "X Abierto Constitucion "]
[Site "San Sebastian de los Reyes "]
[Date "2008.12.06"]
[Round "7.22"]
[White "Serrano Nuñez, Dario"]
[Black "Fernandez Gil, Ruben Carlos"]
[Result "1-0"]
[WhiteElo "2012"]
[BlackElo "1574"]
[PlyCount "23"]
[EventDate "2008.11.30"]

1. e4 e5 2. Nf3 Nc6 3. Bb5 d6 4. d4 exd4 5. Nxd4 Bd7 6. O-O Nf6 7. Nc3 g6 8.
Bg5 Bg7 9. Nd5 Ne5 10. f4 Nc6 11. e5 dxe5 12. fxe5 1-0

[Event "X Abierto Constitucion "]
[Site "San Sebastian de los Reyes "]
[Date "2008.12.06"]
[Round "7.23"]
[White "Perez Alvarez, Javier"]
[Black "Fernandez Aransay, Fernando"]
[Result "1/2-1/2"]
[WhiteElo "1737"]
[BlackElo "1958"]
[PlyCount "165"]
[EventDate "2008.11.30"]

1. e4 c6 2. Nf3 d5 3. exd5 cxd5 4. Ne5 Nf6 5. d4 e6 6. Bd3 Be7 7. c3 Nbd7 8.
O-O O-O 9. Re1 a6 10. Nd2 Qb6 11. Nf1 Rd8 12. Ng3 Nxe5 13. dxe5 Nd7 14. Qh5 g6
15. Qg4 Bc5 16. Re2 Qc7 17. Bf4 b5 18. h4 d4 19. cxd4 Bxd4 20. Bg5 Nxe5 21.
Bxd8 Qxd8 22. Qe4 Rb8 23. Rd1 Bb7 24. Qf4 Nxd3 25. Rxd3 e5 26. Qd2 Qxh4 27. Nf1
Qf6 28. Nh2 Rd8 29. Qc2 Rc8 30. Qd2 Bd5 31. b3 h5 32. Nf3 e4 33. Rxd4 exf3 34.
Rxd5 fxe2 35. Qxe2 Rc1+ 36. Rd1 Qa1 37. Rxc1 Qxc1+ 38. Kh2 Qf4+ 39. g3 Qd6 40.
Qe8+ Kg7 41. Qe2 h4 42. Kg2 Qd5+ 43. f3 hxg3 44. Kxg3 Qg5+ 45. Kh2 Kh6 46. Qb2
Qf4+ 47. Kg2 Kg5 48. Qc3 Qf6 49. Qc5+ Kh6 50. Qc2 Kh5 51. Qc8 Qg5+ 52. Kf2 Qd2+
53. Kg3 Qe1+ 54. Kg2 Qe2+ 55. Kg3 Qe5+ 56. Kf2 Qe6 57. Qc3 f6 58. Qc5+ Qe5 59.
Qc8 Qh2+ 60. Ke3 Qe5+ 61. Kf2 Qd4+ 62. Ke2 Qd6 63. Qh3+ Kg5 64. Qg4+ Kh6 65.
Qh3+ Kg7 66. Qc8 Kf7 67. Kf2 g5 68. Qb7+ Kg6 69. Qe4+ Kf7 70. Qb7+ Ke6 71. Qe4+
Kd7 72. Qb7+ Kd8 73. Qa8+ Kc7 74. Qa7+ Kd8 75. Qa8+ Ke7 76. Qb7+ Kf8 77. Qa8+
Kg7 78. Qb7+ Kh6 79. Qc8 Qh2+ 80. Ke3 Qg1+ 81. Ke2 Qh2+ 82. Ke3 Qe5+ 83. Kf2
1/2-1/2

[Event "X Abierto Constitucion "]
[Site "San Sebastian de los Reyes "]
[Date "2008.12.06"]
[Round "7.25"]
[White "Sierra Bermejo, Gregorio"]
[Black "Morona Minguez, Irene"]
[Result "1-0"]
[WhiteElo "1792"]
[BlackElo "1743"]
[PlyCount "79"]
[EventDate "2008.11.30"]

1. c4 e5 2. Nc3 Nf6 3. Nf3 Nc6 4. e3 Bb4 5. Qc2 O-O 6. Nd5 Bc5 7. a3 a5 8. Qf5
d6 9. Nxf6+ Qxf6 10. Qxf6 gxf6 11. d3 Be6 12. b3 f5 13. Nd2 d5 14. Bb2 d4 15.
e4 Be7 16. h4 fxe4 17. Nxe4 f5 18. Ng5 Bxg5 19. hxg5 e4 20. Rh6 Rfe8 21. O-O-O
Rad8 22. Be2 Bf7 23. Rdh1 Bg6 24. Bh5 Bxh5 25. R6xh5 Re7 26. g6 Ne5 27. gxh7+
Kh8 28. dxe4 Nd3+ 29. Kc2 Nxf2 30. Rf1 Nxe4 31. Rfxf5 c5 32. Re5 Rde8 33. Rxc5
Rd7 34. Rcd5 Rxd5 35. cxd5 Rc8+ 36. Kd3 Nf2+ 37. Kxd4 Nd1 38. Ba1 Rc1 39. d6
Nf2 40. d7 1-0

[Event "X Abierto Constitucion "]
[Site "San Sebastian de los Reyes "]
[Date "2008.12.06"]
[Round "7.32"]
[White "Rial Rodriguez, Eduardo"]
[Black "Rodenas Riesco, Alfonso"]
[Result "1/2-1/2"]
[WhiteElo "1415"]
[BlackElo "1627"]
[PlyCount "81"]
[EventDate "2008.11.30"]

1. e4 e6 2. d4 d5 3. Nc3 Bb4 4. e5 c5 5. a3 cxd4 6. Qxd4 Nc6 7. Bb5 Bxc3+ 8.
Qxc3 Nge7 9. Nf3 O-O 10. O-O h6 11. Bf4 a6 12. Bd3 Ng6 13. Bxg6 fxg6 14. Bg3
Ne7 15. Qd3 g5 16. h4 gxh4 17. Nxh4 Nf5 18. Nxf5 Rxf5 19. f4 b6 20. Be1 a5 21.
Rf3 Bb7 22. Bd2 Qh4 23. Rh3 Qd8 24. Rf1 Ba6 25. Qb3 Bxf1 26. Kxf1 Qc7 27. g4
Rf7 28. Qd3 Qc4 29. Kg2 Qxd3 30. Rxd3 Rc8 31. c3 a4 32. Rd4 Rc4 33. Rd3 b5 34.
Kg3 Kh7 35. Be3 g6 36. Rd2 Rg7 37. Rh2 h5 38. g5 Kg8 39. Bd4 Rh7 40. Rh3 h4+
41. Kg4 1/2-1/2

[Event "X Abierto Constitucion "]
[Site "San Sebastian de los Reyes "]
[Date "2008.12.06"]
[Round "7.33"]
[White "Martinez Miura, Enrique"]
[Black "Jimenez Vera, Ruben"]
[Result "1-0"]
[WhiteElo "1779"]
[BlackElo "1551"]
[PlyCount "73"]
[EventDate "2008.11.30"]

1. e4 c5 2. c4 e6 3. Nc3 Nc6 4. g3 Nf6 5. Bg2 g6 6. Nge2 Bg7 7. d3 d6 8. O-O
O-O 9. a3 Rb8 10. Rb1 e5 11. b4 cxb4 12. axb4 Bg4 13. h3 Bxe2 14. Nxe2 b5 15.
Bd2 a5 16. bxa5 b4 17. Qa4 Nxa5 18. Bxb4 Nb7 19. Nc3 Nc5 20. Bxc5 Rxb1 21. Rxb1
dxc5 22. Nd5 Nxd5 23. cxd5 f5 24. Qc4 Qd6 25. Rb5 Rc8 26. Qb3 Kh8 27. Rb6 Qd7
28. exf5 gxf5 29. Rb8 Bf8 30. Rb7 Qd8 31. Qb5 Ra8 32. Kh2 f4 33. Rd7 fxg3+ 34.
fxg3 Qg5 35. Qb7 Ra2 36. Rxh7+ Kg8 37. Qf7# 1-0

[Event "X Abierto Constitucion "]
[Site "San Sebastian de los Reyes "]
[Date "2008.12.07"]
[Round "8.2"]
[White "Candela Perez, Jose"]
[Black "Garcia Fernandez, Carlos"]
[Result "1-0"]
[WhiteElo "2402"]
[BlackElo "2396"]
[PlyCount "83"]
[EventDate "2008.11.30"]

1. e4 e5 2. Nf3 d6 3. d4 Nf6 4. Nc3 Nbd7 5. Bc4 Be7 6. O-O O-O 7. Re1 c6 8. a4
b6 9. d5 cxd5 10. Nxd5 Bb7 11. b3 Rc8 12. Re2 Nxd5 13. Bxd5 Bxd5 14. Qxd5 Nf6
15. Qd1 d5 16. exd5 e4 17. Ng5 Qxd5 18. Qxd5 Nxd5 19. Nxe4 f5 20. c4 fxe4 21.
cxd5 Rfd8 22. Rxe4 Bf6 23. Rb1 Rxd5 24. Be3 Rc2 25. g3 Kf7 26. Kg2 Rd3 27. b4
Ra3 28. b5 Rca2 29. Rbb4 h5 30. Rbc4 Kg6 31. h3 Kh7 32. Bf4 Rd3 33. Be3 Rda3
34. g4 hxg4 35. hxg4 Kg6 36. Rc6 Rxe3 37. Rxe3 Rxa4 38. Kg3 Kh7 39. f4 Rb4 40.
g5 Bd4 41. Rd3 Bc5 42. g6+ 1-0

[Event "X Abierto Constitucion "]
[Site "San Sebastian de los Reyes "]
[Date "2008.12.07"]
[Round "8.3"]
[White "Almagro Llamas, Pablo"]
[Black "Sanchez-Alarcos Galian, Victor"]
[Result "1-0"]
[WhiteElo "2476"]
[BlackElo "2011"]
[PlyCount "63"]
[EventDate "2008.11.30"]

1. e4 c5 2. Nf3 d6 3. d4 cxd4 4. Nxd4 Nf6 5. Nc3 e6 6. Be3 a6 7. f3 b5 8. Qd2
b4 9. Nce2 e5 10. Nb3 Nc6 11. c4 Be6 12. Ng3 a5 13. Rd1 g6 14. Qf2 Nd7 15. Be2
a4 16. Nc1 Na5 17. b3 axb3 18. axb3 Qc7 19. Bd3 Nc5 20. Bc2 Be7 21. O-O h5 22.
f4 exf4 23. Bxf4 h4 24. Nf5 gxf5 25. exf5 Bd7 26. Rfe1 Ne6 27. fxe6 fxe6 28.
Bxd6 Bxd6 29. Bg6+ Kd8 30. Qf6+ Kc8 31. Qxh8+ Kb7 32. Be4+ 1-0

[Event "X Abierto Constitucion "]
[Site "San Sebastian de los Reyes "]
[Date "2008.12.07"]
[Round "8.4"]
[White "Suarez Uriel, Adrian"]
[Black "Taboas Rodriguez, Daniel"]
[Result "0-1"]
[WhiteElo "2123"]
[BlackElo "2349"]
[PlyCount "46"]
[EventDate "2008.11.30"]

1. e4 e5 2. Nf3 Nc6 3. Nc3 Nf6 4. d4 exd4 5. Nxd4 Bb4 6. Nxc6 bxc6 7. Bd3 O-O
8. O-O d5 9. exd5 cxd5 10. Qf3 Bg4 11. Qg3 Qd7 12. Bg5 Bxc3 13. bxc3 Ne4 14.
Qh4 Rfe8 15. Be3 Bf5 16. Bd4 c5 17. Be3 c4 18. Bxe4 Rxe4 19. Bf4 Rae8 20. f3
Re2 21. Rfe1 h6 22. Qg3 Kh7 23. Be5 R8xe5 0-1

[Event "X Abierto Constitucion "]
[Site "San Sebastian de los Reyes "]
[Date "2008.12.07"]
[Round "8.5"]
[White "Lopez Del Alamo, Antonio"]
[Black "Ramos Aldoradin, John Paul"]
[Result "1-0"]
[WhiteElo "2311"]
[BlackElo "2102"]
[PlyCount "99"]
[EventDate "2008.11.30"]

1. e4 e6 2. d3 d5 3. Nd2 c5 4. Ngf3 Nc6 5. g3 g6 6. Bg2 Bg7 7. O-O Nge7 8. Re1
O-O 9. Qe2 Qc7 10. h4 e5 11. exd5 Nxd5 12. h5 Bg4 13. hxg6 hxg6 14. Qe4 Nf6 15.
Qa4 Rfe8 16. c3 Qd7 17. Ng5 Qxd3 18. Nde4 Nxe4 19. Bxe4 Qd7 20. Be3 Bf8 21. f3
Be6 22. Rad1 Qe7 23. Bc2 c4 24. Ne4 f6 25. Rd2 Rad8 26. Rh2 Kf7 27. b4 cxb3 28.
axb3 Bg7 29. b4 Rh8 30. Rxh8 Rxh8 31. Nc5 Bd5 32. Rd1 Rd8 33. b5 Bxf3 34. Rf1
Nd4 35. cxd4 exd4 36. Bxd4 Qe2 37. Bf2 Rh8 38. Qb3+ Ke7 39. Qe3+ Kf8 40. Nd7+
Kg8 41. Bb3+ Kh7 42. Qf4 Qe4 43. Nxf6+ Bxf6 44. Qxf6 Bh1 45. Qh4+ Qxh4 46. gxh4
Be4 47. Re1 Bf3 48. Re5 Rf8 49. Be3 Kg7 50. Bg5 1-0

[Event "X Abierto Constitucion "]
[Site "San Sebastian de los Reyes "]
[Date "2008.12.07"]
[Round "8.6"]
[White "Sanchez Camacho, Antonio"]
[Black "Castejon Caballero, Andres"]
[Result "0-1"]
[WhiteElo "2205"]
[BlackElo "2003"]
[PlyCount "70"]
[EventDate "2008.11.30"]

1. c4 Nf6 2. Nc3 d5 3. d4 g6 4. cxd5 Nxd5 5. e4 Nxc3 6. bxc3 Bg7 7. Bc4 c5 8.
Ne2 O-O 9. Be3 Nc6 10. Rc1 Na5 11. Bd3 cxd4 12. cxd4 Nc6 13. Bc4 Qa5+ 14. Kf1
Rd8 15. d5 Ne5 16. Bb3 Bd7 17. f3 Bb5 18. h4 Qa6 19. h5 Nd3 20. Rc2 Nb4 21. Rc5
Rac8 22. hxg6 hxg6 23. a4 Bd3 24. Qd2 Bxe2+ 25. Qxe2 Rxc5 26. Bxc5 Rc8 27. Bxb4
Qb6 28. Qb5 Qe3 29. Be1 Rc1 30. Qe8+ Bf8 31. Rh8+ Kg7 32. Qxf8+ Kf6 33. e5+
Qxe5 34. g3 Qxe1+ 35. Kg2 Qd2+ 0-1

[Event "X Abierto Constitucion "]
[Site "San Sebastian de los Reyes "]
[Date "2008.12.07"]
[Round "8.7"]
[White "Esquivias Gomez, Fco. Javier"]
[Black "Ramirez Garcia, Jorge Alberto"]
[Result "1-0"]
[WhiteElo "2048"]
[BlackElo "2238"]
[PlyCount "45"]
[EventDate "2008.11.30"]

1. c4 e6 2. Nc3 d5 3. d4 Nf6 4. cxd5 exd5 5. Bg5 Nbd7 6. Nf3 Be7 7. Qc2 O-O 8.
e3 Re8 9. Bd3 c6 10. h3 Ne4 11. Bf4 f5 12. O-O Nf8 13. Ne5 g5 14. Bh2 Ng6 15.
g4 Nxe5 16. Bxe5 Bd6 17. f4 Bxe5 18. fxe5 Nxc3 19. bxc3 fxg4 20. Bxh7+ Kh8 21.
Qg6 Be6 22. Qh6 Qe7 23. Bf5+ 1-0

[Event "X Abierto Constitucion "]
[Site "San Sebastian de los Reyes "]
[Date "2008.12.07"]
[Round "8.8"]
[White "Piriz Fernandez, Daniel"]
[Black "Adan Bermudez, Sergio"]
[Result "0-1"]
[WhiteElo "1770"]
[BlackElo "2227"]
[PlyCount "128"]
[EventDate "2008.11.30"]

1. d4 Nf6 2. c4 e6 3. Nc3 Bb4 4. e3 b6 5. Nf3 Ne4 6. Bd2 Bxc3 7. bxc3 Bb7 8.
Be2 c5 9. O-O Nc6 10. Rb1 Na5 11. Bd3 O-O 12. Qc2 f5 13. Bc1 Rc8 14. Ba3 Ba6
15. Bxe4 Nxc4 16. Bxc5 bxc5 17. Bb7 Na3 18. Qa4 Bxf1 19. Rxf1 Rb8 20. Qxa3 Rxb7
21. Qxc5 Qc7 22. Qe7 Qxc3 23. Ne5 Qc7 24. h3 Qd8 25. Qd6 Re8 26. Rc1 Qb8 27.
Qa3 Rc8 28. Rf1 d6 29. Nd3 Rb1 30. Rxb1 Qxb1+ 31. Kh2 Qb8 32. Nf4 Rc2 33. Qa4
Qc8 34. Qb3 Rxf2 35. Nxe6 Qc2 36. Qb8+ Kf7 37. Nf4 Qe4 38. Qc7+ Qe7 39. Qc4+
Kf8 40. Qc8+ Qe8 41. Qxf5+ Kg8 42. Qd5+ Kh8 43. Qf5 Rxa2 44. Ne6 h6 45. Nf8 Kg8
46. Qd5+ Kxf8 47. Qxa2 Qf7 48. Qa6 Qc7 49. e4 Ke7 50. Qb5 a5 51. Qf5 a4 52. d5
a3 53. e5 a2 54. e6 Ke8 55. Qg6+ Kf8 56. Qf5+ Kg8 57. Qf1 Qa7 58. Qa1 Qa5 59.
e7 Kf7 60. Qxg7+ Kxg7 61. e8=Q a1=Q 62. Qe7+ Kg6 63. Qe8+ Kf5 64. Qe6+ Kf4 0-1

[Event "X Abierto Constitucion "]
[Site "San Sebastian de los Reyes "]
[Date "2008.12.07"]
[Round "8.9"]
[White "Vukotic Jovsic, Dragan"]
[Black "Madurga Lopez, Ignacio"]
[Result "0-1"]
[WhiteElo "2066"]
[BlackElo "1819"]
[PlyCount "62"]
[EventDate "2008.11.30"]

1. d4 Nf6 2. Bf4 d5 3. e3 c6 4. c3 Nbd7 5. Nf3 g6 6. h3 Bg7 7. Be2 O-O 8. Nbd2
Re8 9. Ne5 Nxe5 10. Bxe5 Nd7 11. Bxg7 Kxg7 12. f4 f6 13. O-O Qb6 14. Qc2 e5 15.
Rae1 c5 16. fxe5 fxe5 17. Nf3 cxd4 18. exd4 Nf6 19. c4 Bf5 20. Qb3 e4 21. Nh4
Qxd4+ 22. Kh1 Bc8 23. cxd5 Qxd5 24. Qg3 Qe5 25. Qxe5 Rxe5 26. Bc4 b5 27. Bb3
Bb7 28. Nf3 exf3 29. Rxe5 fxg2+ 30. Kg1 gxf1=Q+ 31. Kxf1 Re8 0-1

[Event "X Abierto Constitucion "]
[Site "San Sebastian de los Reyes "]
[Date "2008.12.07"]
[Round "8.10"]
[White "Morales Rivera, John Alexander"]
[Black "Perez Cameselle, Francisco"]
[Result "1/2-1/2"]
[WhiteElo "2338"]
[BlackElo "2010"]
[PlyCount "100"]
[EventDate "2008.11.30"]

1. e4 g6 2. d4 Bg7 3. Nc3 c6 4. f4 d5 5. e5 h5 6. Nf3 Bg4 7. Be3 e6 8. h3 Bxf3
9. Qxf3 h4 10. Bd3 Nh6 11. O-O Bf8 12. Ne2 Nf5 13. Bf2 Be7 14. Kh2 Nd7 15. b3
Qb6 16. c4 O-O-O 17. c5 Qc7 18. b4 Kb8 19. Kh1 Ka8 20. a4 Rb8 21. b5 Qc8 22. a5
a6 23. bxa6 bxa6 24. Nc3 Rb4 25. Na4 Ka7 26. Nb6 Qc7 27. Bxf5 gxf5 28. Rfb1 Rb5
29. Rxb5 axb5 30. Nxd7 Qxd7 31. a6 Rb8 32. Be1 Bd8 33. Bb4 Qe8 34. Qh5 Qg8 35.
Ra3 Qg6 36. Qf3 Qh6 37. Qe3 Bc7 38. Qd2 Qf8 39. Qf2 Qh6 40. Be1 Rh8 41. Kg1 Rh7
42. Qf3 Rh8 43. Ra2 Rg8 44. Qe3 Rh8 45. Kh1 Rg8 46. Ra1 Rh8 47. Qa3 Qf8 48. Ra2
Qd8 49. Kh2 Qe7 50. Rf2 Qd8 1/2-1/2

[Event "X Abierto Constitucion "]
[Site "San Sebastian de los Reyes "]
[Date "2008.12.07"]
[Round "8.11"]
[White "Heras Cuenca, Miguel Angel"]
[Black "Elissalt Cardenas, Hector"]
[Result "0-1"]
[WhiteElo "2008"]
[BlackElo "2314"]
[PlyCount "110"]
[EventDate "2008.11.30"]

1. d4 Nf6 2. c4 e5 3. dxe5 Ng4 4. Nf3 Nc6 5. Bf4 Bb4+ 6. Nbd2 Qe7 7. e3 Ngxe5
8. Be2 Nxf3+ 9. Bxf3 Ne5 10. Be2 b6 11. O-O Bxd2 12. Qxd2 Bb7 13. Bxe5 Qxe5 14.
f4 Qe7 15. Bf3 Bxf3 16. Rxf3 O-O 17. Rd1 d6 18. Qd5 Rfe8 19. Rd4 a5 20. a4 Rad8
21. f5 Qf6 22. Rd2 Re5 23. Qd4 Rde8 24. Kf2 Rxf5 25. Qxf6 Rxf6 26. Rxf6 gxf6
27. Kf3 Re5 28. Rd5 Kg7 29. g4 Kg6 30. Kf4 h6 31. e4 Rg5 32. h4 Re5 33. h5+ Kg7
34. Ke3 Kf8 35. Kd4 Ke7 36. Rb5 Rg5 37. Rxg5 fxg5 38. Kd5 Kd7 39. e5 c6+ 40.
Ke4 Ke6 41. exd6 f5+ 42. gxf5+ Kxd6 43. b3 c5 44. f6 Ke6 45. f7 Kxf7 46. Kf5
Ke7 47. Ke5 Kd7 48. Kd5 Kc7 49. Ke5 Kd8 50. Ke4 Ke8 51. Kf5 Kf7 52. Ke5 Ke7 53.
Kf5 Kd6 54. Ke4 Ke6 55. Ke3 Ke5 0-1

[Event "X Abierto Constitucion "]
[Site "San Sebastian de los Reyes "]
[Date "2008.12.07"]
[Round "8.12"]
[White "Peinador Garcia-Aranda, Dam"]
[Black "Anton Veiga, Juan Carlos"]
[Result "0-1"]
[WhiteElo "1825"]
[BlackElo "2144"]
[PlyCount "82"]
[EventDate "2008.11.30"]

1. d4 Nf6 2. Nf3 e6 3. Bf4 b6 4. e3 Bb7 5. Nbd2 Be7 6. h3 O-O 7. Bd3 d6 8. c3
Nbd7 9. Qc2 Re8 10. Ng5 Nf8 11. O-O-O d5 12. Ndf3 h6 13. Nxf7 Kxf7 14. Ne5+ Kg8
15. Bg6 Bd6 16. Nf7 Qe7 17. Nxd6 cxd6 18. Bxe8 Rxe8 19. g4 e5 20. Bh2 N8h7 21.
f4 exf4 22. exf4 Ne4 23. Qg2 Ba6 24. Qf3 Rc8 25. Kb1 Be2 26. Qg2 Bxd1 27. Rxd1
b5 28. Qf1 a6 29. a4 Qb7 30. axb5 axb5 31. Ka1 b4 32. cxb4 Qxb4 33. Qa6 Rb8 34.
Qa2 Qb7 35. Rd3 Rc8 36. b4 Qb5 37. Qb3 Rc1+ 38. Kb2 Rh1 39. Bg3 Rxh3 40. Re3
Rxg3 41. Rxg3 Nxg3 0-1

[Event "X Abierto Constitucion "]
[Site "San Sebastian de los Reyes "]
[Date "2008.12.07"]
[Round "8.13"]
[White "Castejon Caballero, Natalia"]
[Black "Camarero Izquierdo, Juan Carlos"]
[Result "1-0"]
[WhiteElo "2084"]
[BlackElo "1939"]
[PlyCount "69"]
[EventDate "2008.11.30"]

1. e4 c5 2. c3 e6 3. Nf3 b6 4. Bd3 Bb7 5. O-O Nf6 6. Re1 Nc6 7. Bc2 Qc7 8. Na3
a6 9. Nc4 b5 10. Ne3 c4 11. d3 cxd3 12. Qxd3 b4 13. Nc4 Be7 14. Bg5 d6 15. Rad1
d5 16. exd5 Nxd5 17. Bxe7 Ncxe7 18. Nfe5 bxc3 19. bxc3 Nc6 20. Rb1 Rd8 21. Ba4
Ba8 22. Na5 Qxa5 23. Bxc6+ Kf8 24. Bxa8 Rxa8 25. Qf3 f6 26. c4 Qxa2 27. cxd5
Qxd5 28. Qa3+ Kg8 29. Rbd1 Qb5 30. Rd7 Re8 31. Qf3 Rf8 32. Nc6 h6 33. Qe4 Re8
34. Qg6 Qg5 35. Rxg7+ 1-0

[Event "X Abierto Constitucion "]
[Site "San Sebastian de los Reyes "]
[Date "2008.12.07"]
[Round "8.14"]
[White "Minguela Muñoz, Bienvenido"]
[Black "Vazquez Gonzalez, Jesus"]
[Result "0-1"]
[WhiteElo "1926"]
[BlackElo "2071"]
[PlyCount "84"]
[EventDate "2008.11.30"]

1. Nf3 g6 2. d4 Bg7 3. e4 c5 4. c3 cxd4 5. cxd4 d6 6. Be2 Bg4 7. O-O Qb6 8. Be3
Nf6 9. Nbd2 d5 10. h3 Bc8 11. e5 Nfd7 12. Nb3 O-O 13. Qd2 f6 14. Bh6 Rf7 15.
Rac1 Na6 16. Bxg7 Rxg7 17. Nh2 h5 18. Bf3 e6 19. exf6 Nxf6 20. Rc3 Bd7 21. Rfc1
Rf8 22. a3 g5 23. g4 Qd6 24. Qe3 Qf4 25. Qxf4 gxf4 26. Kf1 Ne4 27. Bxe4 dxe4
28. Nc5 e3 29. Nxd7 Rxd7 30. Rd3 e5 31. d5 Nc7 32. Ke2 Nxd5 33. fxe3 fxe3 34.
Rf1 Rc8 35. Rf5 Rc2+ 36. Kf3 Rxh2 37. Rxe5 Rxh3+ 38. Ke4 Nf6+ 39. Kf5 Rf3+ 40.
Kg6 Rg7+ 41. Kh6 Nxg4+ 42. Kxh5 Rh3# 0-1